[Event "Mumbai Wealth op U13 4th"]
[Site "Mumbai"]
[Date "2019.01.01"]
[Round "3"]
[White "Sairaj, Dilip Vernekar"]
[Black "Sriram, SN."]
[Result "1-0"]
[WhiteElo "1445"]
[BlackElo "1139"]
[PlyCount "111"]
[EventDate "2018.12.30"]
[EventType "swiss"]
[EventRounds "9"]
[EventCountry "IND"]
[SourceTitle "CBM 188 Extra"]
[Source "ChessBase"]
[SourceDate "2019.02.26"]
[SourceVersion "1"]
[SourceVersionDate "2019.02.26"]
[SourceQuality "1"]

1. e4 c5 2. Nc3 d6 3. f4 e6 4. Nf3 a6 5. a4 Nc6 6. g3 Be7 7. Bg2 Qc7 8. d3 Nf6 9. 0-0 0-0 10. h3 Bd7 11. g4 Ne8 12. f5 exf5 13. gxf5 Nf6 14. Qe1 Nb4 15. Qe2 b5 16. e5 dxe5 17. Nxe5 Ra7 18. Nxd7 Qxd7 19. axb5 axb5 20. Rxa7 Qxa7 21. Nxb5 Qd7 22. Nc3 Re8 23. Ne4 Qd4+ 24. Kh1 Nxe4 25. Bxe4 Bf6 26. c3 Qe5 27. cxb4 cxb4 28. Re1 Qg3 29. Qe3 Qe5 30. Bc6 Qxe3 31. Bxe3 Rc8 32. Bc1 h6 33. Re8+ Rxe8 34. Bxe8 Kf8 35. Ba4 Ke7 36. Bb3 Bd4 37. Bd5 f6 38. b3 Kd6 39. Be4 Ke5 40. Kg2 Bc5 41. Kf3 Bd4 42. Be3 Bb2 43. Kg4 Kd6 44. Kh5 Be5 45. Kg6 Bg3 46. Kxg7 h5 47. Kxf6 h4 48. Kg6 Kd7 49. Bc5 Be1 50. f6 Ke8 51. f7+ Kd7 52. f8Q Bg3 53. Qf7+ Kc8 54. Qb7+ Kd8 55. Be7+ Ke8 56. Bc6# 1-0

[Event "Mumbai Wealth rating op 4th"]
[Site "Mumbai"]
[Date "2018.12.31"]
[Round "2"]
[White "Sairaj, Dilip Vernekar"]
[Black "Arhan, Chethan Anand"]
[Result "0-1"]
[WhiteElo "1445"]
[BlackElo "1710"]
[PlyCount "88"]
[EventDate "2018.12.30"]
[EventType "swiss"]
[EventRounds "9"]
[EventCountry "IND"]
[SourceTitle "CBM 188 Extra"]
[Source "ChessBase"]
[SourceDate "2019.02.26"]
[SourceVersion "1"]
[SourceVersionDate "2019.02.26"]
[SourceQuality "1"]

1. e4 e5 2. Nf3 Nc6 3. d4 exd4 4. Bc4 Bc5 5. c3 Nf6 6. e5 d5 7. Bb5 Ne4 8. cxd4 Bb6 9. 0-0 0-0 10. Be3 Bg4 11. Be2 f6 12. exf6 Qxf6 13. Nc3 Nxc3 14. bxc3 Rae8 15. Qb3 Qd6 16. Rad1 Na5 17. Qc2 Nc4 18. Qc1 c6 19. h3 Bxf3 20. Bxf3 Bc7 21. Rfe1 Qh2+ 22. Kf1 Nxe3+ 23. Rxe3 Bf4 24. Ke2 Bxe3 25. fxe3 Qg3 26. Rg1 Rf6 27. Qe1 Qg5 28. Kd2 Rfe6 29. Qf2 Rxe3 30. Kc2 Qf5+ 31. Kb3 Re2 32. Qxe2 Rxe2 33. Bxe2 Qf2 34. Rb1 Qxe2 35. Rb2 Qd1+ 36. Rc2 a5 37. Kb2 a4 38. a3 b6 39. c4 Qxd4+ 40. Kc1 dxc4 41. g4 c3 42. Kb1 Qd1+ 43. Rc1 Qb3+ 44. Ka1 Qb2# 0-1